[Event "48th Biel GM 2015"]
[Site "Biel SUI"]
[Date "2015.07.25"]
[Round "6"]
[White "Navara, D."]
[Black "Adams, Mi"]
[Result "0-1"]
[WhiteElo "2724"]
[BlackElo "2740"]
[Annotator "Ramirez Alvarez,Alejandro"]
[PlyCount "74"]
[EventDate "2015.07.20"]

1. c4 e6 2. Nc3 d5 3. d4 Nf6 4. cxd5 exd5 5. Bg5 {More and more people are
adding this Classical set up against the Queen's Gambit in their Repertoire.
Only a decade ago, allowing the exchange Queen's Gambit was basically extinct.}
c6 6. e3 h6 (6... Bf5 7. Qf3 Bg6 8. Bxf6 Qxf6 9. Qxf6 gxf6 {has shown to be
very solid for Black.}) 7. Bh4 Be7 8. Qc2 Nbd7 9. Bd3 Nh5 {most of the people
playing this system with Black are now depending on some sort of early Nh5 to
try to equalize. Black will castle in the same side that White does.} 10. Bxe7
Qxe7 11. Nge2 Nb6 12. O-O O-O 13. Rae1 Be6 14. Nc1 Rad8 15. Nb3 Rfe8 16. Nc5 {
At the end of the day it still seems that White's position is slightly
preferable, but Black remains extremely solid and his pieces are all developed.
} Bc8 17. b4 Nc4 $1 {This move requires some calculation, despite the apparent
simplicity of it.} 18. Qe2 Qg5 19. f4 $6 {Overly ambitious.} (19. Bxc4 dxc4 20.
Qxc4 Bh3 $15) 19... Qh4 20. Bxc4 dxc4 21. g3 $2 {Allowing a rather obvious
"sacrifice".} (21. Qxc4 Nxf4 $1 {and because of the multiple pins and hanging
rooks, White simply can't take this intruding knight. Black stands slightly
better due to his pawn structure.}) 21... Nxg3 22. hxg3 Qxg3+ 23. Kh1 (23. Qg2
Rxe3 24. N5e4 Qxg2+ 25. Kxg2 Bh3+ 26. Kh2 Rd3 {gives Black at least three
pawns for a knight, which is enough material. Combined with the superior
activity and the potential passed pawns in the endgame, Black is almost
winning.}) 23... Qh3+ 24. Qh2 (24. Kg1 Rd6 {is rook lift 101.}) 24... Rxe3 25.
Nd1 Rxe1 26. Qxh3 Bxh3 27. Rxe1 b6 28. Ne4 Rxd4 {Four pawns. Black has more
material and the better position. White's knights lack good squares.} 29. Kh2
Bf5 30. Ndc3 Rd3 31. b5 {Desperation.} cxb5 32. Nxb5 Bd7 33. a4 a6 34. Nc7 Bxa4
35. Nxa6 c3 36. Nb4 Rd4 {White loses a piece, and after that he is down too
many pawns.} 37. Na2 Rd2+ 0-1

[Event "48th Biel GM 2015"]
[Site "Biel SUI"]
[Date "2015.07.25"]
[Round "6"]
[White "Rapport, R."]
[Black "Wojtaszek, R."]
[Result "0-1"]
[WhiteElo "2671"]
[BlackElo "2733"]
[Annotator "Ramirez Alvarez,Alejandro"]
[PlyCount "68"]
[EventDate "2015.07.20"]

1. d4 Nf6 2. c4 e6 3. Nf3 d5 4. Bg5 Bb4+ 5. Nbd2 (5. Nc3 {is the main line
Ragozin.}) 5... dxc4 {This is why most people don't play this line as White.}
6. Qc2 b5 7. a4 c6 8. Bxf6 gxf6 {To me it is unclear what Raport has for his
pawn. Yes, Black's pawn structure on the kingside is crippled, but it controls
the important e5 square. Black also has the pair of bishops and a future break
on c5 or e5. White's development advantage and central control is not amazing
enough to compensate for a pawn. Black should already be better.} 9. g3 Bb7 10.
Bg2 Nd7 11. O-O a5 12. b3 cxb3 13. Nxb3 bxa4 14. Rxa4 Ba6 15. Ra2 Bb5 16. Rfa1
O-O 17. Nc1 Rc8 18. Nd3 {White retains some compensation, but he is also still
down a pawn. Black finally stabilizes his extra material by achieving the c5
break.} Bxd3 19. Qxd3 c5 20. dxc5 (20. d5 Nb6 21. dxe6 fxe6 $17) 20... Nxc5 21.
Qe3 Kg7 {Black is by no means winning, but with his extra pawn, he is clearly
in the driver's seat.} 22. h4 Qd6 23. Rc1 Nd7 24. Raa1 Rxc1+ 25. Rxc1 Bc5 26.
Qc3 a4 27. Qa1 a3 28. Rd1 Qc7 (28... Qxg3 29. Rxd7 Qxf2+ 30. Kh1 Qxe2 $19 {was
possible, but why complicated matters?}) 29. h5 h6 30. Rc1 Qb6 31. e3 Rb8 32.
Bf1 Bxe3 $1 {this time the bishop simply cannot be taken.} 33. Rc2 Bc5 34. Rd2
Qb1 {A very straightforward game for Wojtaszek.} 0-1

[Event "48th Biel GM 2015"]
[Site "Biel SUI"]
[Date "2015.07.27"]
[Round "7"]
[White "Adams, Mi"]
[Black "Rapport, R."]
[Result "1-0"]
[WhiteElo "2740"]
[BlackElo "2671"]
[PlyCount "236"]
[EventDate "2015.07.20"]

1. e4 e6 2. d4 d5 3. Nd2 Be7 4. Ngf3 Nf6 5. Bd3 c5 6. e5 Nfd7 7. c3 Nc6 8. O-O
h5 9. Qe2 a5 10. dxc5 Qc7 11. Bb5 a4 12. b4 axb3 13. Nxb3 Nxc5 14. Nxc5 Bxc5
15. c4 O-O 16. Bf4 dxc4 17. Bxc4 Be7 18. Rac1 Ra3 19. Rfe1 Rd8 20. Bb3 Ra5 21.
Ng5 g6 22. Qe3 Bb4 23. Re2 Ba3 24. Rc3 Bb4 25. Rc1 Ba3 26. Rc3 Bb4 27. Rc4 Rad5
28. h4 b5 29. Rc1 Rd3 30. Qe4 {After much maneuvering, Rapport finds himself
in a difficult situation. He is less active than his opponent, who has some
threats down the c-file and potentially some ideas with sacrifices on the
kingside.} R3d4 31. Qf3 $1 Bb7 (31... Rc4 {is not something anyone wants to
play, but was maybe objectively better.}) 32. Qg3 $2 (32. Rec2 $1 {Seems to
already put impossible problems for Black:} Rc8 (32... Ba3 33. Rxc6 Bxc1 34.
Rxc7 Bxf3 35. Bxc1 $1 {Doesn't work for Black.}) 33. Nxe6 fxe6 34. Bxe6+ Kg7
35. Bxc8 Qxc8 36. Rxc6 {simply wins.}) 32... Ba3 33. Rc3 {White's position is
very strong nonetheless.} Bf8 34. Nxe6 $1 fxe6 35. Qxg6+ Qg7 36. Bxe6+ $6 (36.
Qxe6+ Kh8 37. Rg3 {is completely crushing.} Rxf4 38. Rxg7 Bxg7 39. Qg6 {
material is roughly equal, but Black is simply getting mated.}) 36... Kh8 37.
Qxh5+ Qh7 38. Qxh7+ Kxh7 39. Bf5+ Kh8 40. Be4 b4 {Time trouble is over. White
has a bunch of pawns for the piece. He isn't quite winning, but its close.} 41.
Rc1 Rd1+ 42. Re1 Rxc1 43. Rxc1 Nd4 44. Bxb7 Ne2+ 45. Kh2 Nxf4 46. g3 Ng6 (46...
Ne6 $1 {The knight on g6 is not well placed.}) 47. f4 Rd2+ 48. Kh3 Rxa2 49. Rc8
$1 Rf2 $6 {This move fails tactically but this was already awful.} (49... Kg7
50. h5) 50. h5 $1 Nxf4+ 51. gxf4 Rxf4 52. Kg3 {Black is paralyzed. He will
soon lose the bishop.} Rf5 53. Kg4 Rxe5 54. Rxf8+ Kg7 55. Rf3 Rc5 56. Ba6 Rc6
57. Bb5 Rc5 58. Ba6 Rc6 59. Bb5 Rc5 60. Be8 Rc4+ 61. Kg5 Rc5+ 62. Kg4 Rc4+ {
The endgame is winning, but Adams takes a long, long time to do so.} 63. Kf5
Kh6 64. Re3 Rc5+ 65. Kf6 Rc8 66. Ke7 Rb8 67. Rb3 Kg5 68. Bg6 Kh6 69. Kd6 Rb6+
70. Kc7 Rb5 71. Kc6 Rb8 72. Bf7 Rf8 73. Bg6 Rb8 74. Kc5 Rb7 75. Kd4 Rb8 76. Kd3
Rd8+ 77. Kc2 Rb8 78. Kb2 Rb7 79. Re3 Kg7 80. Kb3 Kh6 81. Re5 Rb8 82. Be8 Rb7
83. Re6+ Kg7 84. Bg6 Rb8 85. Be4 Kh8 86. Re7 Rb5 87. Bg6 Rb6 88. Bd3 Rb8 89.
Rd7 Rb6 90. Rd5 Kg7 91. Bb5 Kh6 92. Kxb4 Rb8 93. Kc3 Rb6 94. Kd4 Re6 95. Bd3
Re1 96. Ra5 Re7 97. Be4 Rg7 98. Bf3 Re7 99. Ra6+ Kg7 100. Be4 Kh8 101. Ra5 Kg7
102. Ke3 Rf7 103. Bg6 Rf6 104. Ke4 Rf8 105. Ra6 Rf6 106. Ra7+ Kh8 107. Bf5 Rf8
108. Kf4 Rb8 109. Kg5 Rg8+ 110. Bg6 Rg7 111. Ra5 Rg8 112. Ra4 Rg7 113. Kf6 Rg8
114. Ra7 Rg7 115. Bf7 Kh7 116. Ra8 Kh6 117. Rb8 Rh7 118. Bg6 Rg7 1-0

[Event "48th Biel GM 2015"]
[Site "Biel SUI"]
[Date "2015.07.27"]
[Round "7"]
[White "Wojtaszek, R."]
[Black "Vachier Lagrave, M."]
[Result "1-0"]
[WhiteElo "2733"]
[BlackElo "2731"]
[Annotator "Ramirez Alvarez,Alejandro"]
[PlyCount "91"]
[EventDate "2015.07.20"]

1. d4 Nf6 2. c4 g6 3. Nc3 d5 4. Bf4 Bg7 5. e3 O-O 6. Rc1 Be6 {Super solid.
This move is largely replacing 6...c5 as the main line.} 7. c5 c6 8. Bd3 Bg4 9.
Nge2 (9. Qc2 {Wang Yue-Carlsen, 2009.}) 9... Re8 10. f3 Bc8 11. O-O Nbd7 {
Black's only plan is e5. Luckily for him, it's impossible to avoid.} 12. Bg5 e5
13. b4 Nf8 14. Bh4 Bh6 15. f4 {Black's problems aren't over quite yet. He
managed to break on e5 but White is trying to punish Black for his lack of
space anyway.} e4 (15... g5 $5 {Is a very inhuman move:} 16. fxg5 (16. fxe5
gxh4 17. Rxf6 Bxe3+ 18. Kh1 Bg4 $1 $13) 16... Ng4 17. Rf6 $1 {With a wild
position.}) (15... exd4 16. exd4 {seemed much more logical to me, at least
keeping the e-file open and the e4 post for the knight, potentially.}) 16. Bc2
Bg7 17. b5 Bd7 18. Ba4 Qc8 19. h3 Nh5 20. Rb1 f5 (20... Bxh3 21. bxc6 $1 Qg4 (
21... bxc6 22. gxh3 Qxh3 23. Bxc6 {doesn't quite work.}) 22. Rf2 $18) 21. Qb3
Bf6 22. Bxf6 Nxf6 23. bxc6 bxc6 24. Qb7 {Without a doubt White is much better,
the only question is how much progress can he make. Wojtaszek slowly inches in,
first bringing in some knights.} Ne6 25. Nc1 Rb8 26. Qxc8 (26. Qxa7 Ra8 27. Qb7
Qxb7 28. Rxb7 Ra6 {perhaps gives Black a little counterplay, but it does seem
like an extra pawn.}) 26... Rexc8 27. Nb3 Nc7 28. Na5 $16 {Black's position is
simply terrible. c6 is too weak.} Nb5 29. Ne2 (29. Bxb5 cxb5 30. Rb3 $16) 29...
Na3 {MVL decides to give up his pawn in order to get counterplay.} 30. Rxb8
Rxb8 31. Bxc6 Bxc6 (31... Rb2 32. Bxd7 Rxe2 33. c6 Rc2 {is very unpleasant,
but it was probably Black's best try.}) 32. Nxc6 Rb2 33. Nc3 Rc2 34. Ne7+ Kf7
35. Ncxd5 Nc4 36. Rb1 Nh5 $2 {Black's position is very difficult, but this
accelerates defeat.} 37. Nc6 Nd2 38. Ncb4 (38. Ne5+ Kf8 39. Rb8+ Kg7 40. Rb7+
Kg8 41. c6 {and Black has no real threats, despite the aggressive look of his
pieces.}) 38... Nxb1 39. Nxc2 Ke6 40. Nc7+ Kd7 41. Nd5 Ke6 42. Ndb4 Nf6 43. d5+
Kd7 (43... Nxd5 44. Nd4+ {and the king cannot defend the knight.}) 44. d6 Nc3
45. Nd4 Nfd5 46. Na6 1-0

[Event "48th Biel GM 2015"]
[Site "Biel SUI"]
[Date "2015.07.28"]
[Round "8"]
[White "Vachier Lagrave, M."]
[Black "Adams, Mi"]
[Result "1-0"]
[WhiteElo "2731"]
[BlackElo "2740"]
[Annotator "Ramriez Alvarez,Alejandro"]
[PlyCount "83"]
[EventDate "2015.07.20"]

1. e4 e5 2. Nf3 Nc6 3. Bb5 a6 4. Ba4 Nf6 5. O-O Be7 6. Re1 b5 7. Bb3 O-O 8. c3
d5 9. exd5 Nxd5 10. Nxe5 Nxe5 11. Rxe5 c6 12. d3 Bd6 13. Re1 Bf5 14. Qf3 Qh4
15. g3 Qh3 16. Be3 Bxd3 17. Nd2 Qf5 18. Bd4 Rae8 {Adams has played the Berlin
his entire life. This Rae8 move is a slight divergence from Rfe8, which was
the game between Caruana-Aronian in Zurich last year. Caruana annotated that
game in detail, you can find that in the Megabase 2015.} (18... Rfe8 19. a4)
19. Kg2 (19. a4 {would have been the "equivalent" of the other line. It
probably would just transpose.}) 19... h6 20. a4 Qxf3+ 21. Kxf3 Re6 22. axb5
axb5 {The position has a symmetrical pawn structure, but White is slightly
better. He has control over the a-file, Black has some problems with the
pressure generated by the b3 bishop, and he doesn't have any clear targets.}
23. Kg2 Rfe8 24. Rxe6 Rxe6 25. c4 $5 {Semewhat counterintuitive, but the point
is that the activity given to the White knight with this break is worth the
trade of a couple of pawns.} bxc4 26. Nxc4 Be4+ $6 (26... Bc7 $1 27. Ne3 $5 Be5
$1 {and Black is close to equalizing.} (27... Nxe3+ 28. Bxe3 {is slightly
annoying, with Ra7 coming next.})) 27. f3 Bd3 28. Nxd6 Rxd6 29. Kf2 {The pair
of bishops is a nice advantage to have. Material is reduced, yes, but White is
clearly better here. Black's pieces cannot compete with the power of that
bishop on d4.} Rd7 30. Ra3 Nc7 31. Be3 Nd5 32. Bc5 f6 33. Ba4 Bb5 34. Bc2 Nc7
35. Bg6 $6 Na6 (35... Rd2+ {was a nice time to get some activity. For example:}
36. Ke1 (36. Ke3 Re2+ 37. Kd4 Re5 {does not look right at all.}) 36... Re2+ 37.
Kd1 Na6 {but White is still a bit better.}) 36. Re3 Rd8 37. Be7 Rc8 (37... Rd2+
38. Ke1 Rxh2 39. Bc5 {doesn't get Black mated, but it is still unpleasant.}
Rh1+ 40. Kf2 Rh2+ 41. Kg1 Re2 42. Rxe2 Bxe2 43. Bd6 {and even though Black is
up a pawn, he is completely paralyzed. He cannot even take on f3 here because
Bd3 traps the knight! That being said, Black might have had no choice but to
go for this line.}) 38. b4 c5 $2 {A blunder.} (38... Nc7 39. Bd6 Nd5 40. Ra3
$16) 39. Bf5 $1 Rc6 (39... Rc7 40. Bd6 Rc6 41. Re8+ Kf7 42. Rf8# {is not an
option.}) 40. Bd7 $1 cxb4 41. Bxc6 Bxc6 42. Re6 {Black will lose the b4 pawn
next move and the resulting endgame is lost. Arguably Black could keep on
playing, but MVL would definitely convert this.} 1-0

[Event "48th Biel GM 2015"]
[Site "Biel SUI"]
[Date "2015.07.29"]
[Round "9"]
[White "Navara, D."]
[Black "Vachier Lagrave, M."]
[Result "0-1"]
[WhiteElo "2724"]
[BlackElo "2731"]
[Annotator "Ramirez Alvarez,Alejandro"]
[PlyCount "68"]
[EventDate "2015.07.20"]

1. Nf3 c5 2. c4 Nc6 3. Nc3 e5 4. g3 g6 5. Bg2 Bg7 6. O-O Nge7 (6... d6 {I
think is more accurate, with the idea of meeting} 7. Ne1 {with} Be6 8. d3 Nge7
9. Nc2 d5 $5 {as in Hevia-Ramirez, 2014. But who am I to tell MVL what to do?})
7. Ne1 {White rushes his knight to e3, where it controls d5.} a6 $5 {Usually
in these systems Black tries to play a5 against White's early a3, but here MVL
tries to break on b5 as quickly as possible. An interesting though unusual
approach.} (7... d6 8. Nc2 Be6 9. Ne3 {is not as effective, put also possible.}
) 8. d3 Rb8 9. a4 d6 10. Nc2 O-O 11. Rb1 a5 $1 {Quite interesting. White hard
counters b5 with this a4 move, but Black now makes sure the queenside is
completely locked up, giving him easy access to adventures on the kingside.}
12. Bg5 f6 13. Bd2 f5 14. f4 {Navara decides that he doesn't want to sit and
watch as Black improves his kingside position.} Be6 15. Nd5 Nb4 16. fxe5 $6 {
I don't like this move at all. It gives Black too much space and central
control.} (16. Ncxb4 axb4 17. fxe5 Bxd5 18. cxd5 Bxe5 19. Bg5 $11) 16... Nbxd5
17. cxd5 Nxd5 18. exd6 Qxd6 {Black has two pawn islands against White's three;
also his pieces just seem to be in better positions.} 19. Bxa5 {The greedy
option, and the only way to justify Navara's decision, but now Black starts
rolling the kingside:} f4 $1 20. Qe1 (20. Be1 Be5 21. b4 $1 {Was probably the
best option, trying to create some kind of counterplay. However after} fxg3 22.
Rxf8+ Rxf8 23. bxc5 gxh2+ 24. Kh1 Qc6 $1 $17 {With some checkmate threats,
including Bh3, I would much rather be Black.}) 20... Be5 $1 {It's easy to see
that this pressure is close to insurmountable.} 21. e4 fxe3 22. Bc3 Rxf1+ 23.
Bxf1 Re8 24. Na3 {White isn't even up a pawn anymore, and his position is very
bad. Black's passed pawn on e3, his excellent centralized pieces and safer
king give him an almost decisive advantage.} Nxc3 (24... Bd4 {was pretty
logical.}) 25. bxc3 Bd5 {Having two bishops shooting lasers at the White king
position is also pretty logical.} 26. Nc4 Bxc4 27. dxc4 Qd2 28. Qe2 (28. Qxd2
exd2 29. Rd1 Bxc3 {is just losing.}) 28... Rf8 29. Rxb7 Bxc3 30. Rb1 {losing
by force, but already Navara's position was miserable.} Qxe2 31. Bxe2 Rf2 32.
Bd3 Rd2 33. Be4 e2 34. Kf2 Ra2 {Black wins the exchange (Re1 is forced) and
the endgame is won easily.} 0-1

[Event "48th Biel GM 2015"]
[Site "Biel SUI"]
[Date "2015.07.30"]
[Round "10"]
[White "Vachier Lagrave, M."]
[Black "Rapport, R."]
[Result "1-0"]
[WhiteElo "2731"]
[BlackElo "2671"]
[Annotator "Ramirez Alvarez,Alejandro"]
[PlyCount "95"]
[EventDate "2015.07.20"]

1. e4 e5 2. Nf3 d6 3. d4 exd4 4. Nxd4 Nf6 5. Nc3 Be7 {The variations with exd4
have fallen out of grace in the eyes of theoreticians. White has a couple of
ways of getting an advantage.} 6. g3 {This has been known for some time to
give White at least a slight edge.} O-O (6... d5 {is complex, but probably
just bad if White knows the correct continuation.}) 7. Bg2 Re8 8. O-O Bf8 9.
Bf4 Nbd7 10. Qd2 Ne5 11. Rad1 c6 12. h3 b5 13. b3 {Black's position is not
that bad, but White is to be preferred. He has better development and is
controlling all of Black's pieces. Now MVL puts in the squeeze.} b4 14. Na4 c5
{Seeking complications, but its unclear that it gives Black anything.} 15. Nb5
d5 {A very Rapport-like solution.} (15... Ba6 16. c4 Bxb5 17. cxb5 {doesn't
look good for Black. b5 is weak, but the nice light square control more than
makes up for it.}) (15... Bxh3 16. Bxe5 Rxe5 17. Bxh3 a6 18. Nxd6 $18) 16. exd5
Bxh3 (16... Bd7 17. Rfe1 Ng6 18. Bc7 Rxe1+ 19. Rxe1 Qc8 20. d6 Bxb5 21. Nxc5
$16) 17. Bxe5 Rxe5 (17... Bxg2 18. Bxf6 Qxf6 19. Kxg2 $18) 18. Bxh3 a6 {Black
regains his piece, but his position is trash.} 19. Nbc3 bxc3 20. Nxc3 {Black
is down a pawn and White's passed pawn on d5 is a strong asset. Black's best
hope is to blockade on the dark squares and hope White doesn't make any
progress.} Bd6 21. Rfe1 Rxe1+ 22. Rxe1 Qc7 23. Ne4 Nxe4 24. Rxe4 Qb6 25. Qe3 g6
26. Bd7 Rd8 27. Be8 {White is in control of the position. Black has to be
careful not to weaken his king too much.} Qc7 28. Kg2 Rb8 29. Rh4 h5 30. Re4
Rb4 31. c4 {MVL has no interest in exchange rooks, of course.} Rb8 $2 (31...
Rb7 {offers more resistance.} 32. Qf3 $2 (32. Bc6 Rb8 33. Qf3 Be5 {at least
improves the bishop.}) 32... Qd8 {with some chances to hold, Black wants to
play Re7 next move and exchange pieces.}) 32. Qf3 Bf8 33. Qf6 a5 (33... Bg7 34.
Qxa6 {is another pawn.}) 34. d6 $1 Qb7 (34... Bxd6 35. Bxf7+ Qxf7 36. Qxd6 {
costs Black a pawn and trades the opposite colored bishops.}) 35. f3 Bg7 36.
Qe7 (36. Qf4 {with the threat of Re7 was also completely winning.}) 36... Qxe7
37. Rxe7 Bf8 38. Bxf7+ Kg7 39. Ra7 Bxd6 40. Bd5+ Kf6 41. Rxa5 {two pawns are,
after all, two pawns.} Rb6 42. f4 g5 43. Kf3 h4 44. fxg5+ Kxg5 45. gxh4+ Kxh4
46. Ke4 Kg5 47. Rb5 Rb8 48. Rxb8 {White rushes his king to b6 and advances the
a-pawn.} 1-0

[Event "48th Biel GM 2015"]
[Site "Biel SUI"]
[Date "2015.07.30"]
[Round "10"]
[White "Wojtaszek, R."]
[Black "Navara, D."]
[Result "1/2-1/2"]
[WhiteElo "2733"]
[BlackElo "2724"]
[Annotator "Ramirez Alvarez, Alejandro"]
[PlyCount "83"]
[EventDate "2015.07.20"]

1. d4 Nf6 2. c4 g6 3. Nc3 d5 4. Nf3 Bg7 5. Qb3 dxc4 6. Qxc4 O-O 7. e4 Bg4 8.
Be3 Nfd7 9. Nd2 Na6 10. h3 Nb6 11. Qb3 Be6 12. d5 Bd7 13. Bxa6 bxa6 14. O-O c6
15. dxc6 Bxc6 16. Rfd1 Qc7 17. Rac1 Qb7 18. Qb4 Rab8 19. Nb3 Qa8 20. Qxe7 Rfe8
21. Qg5 h6 22. Qg3 Na4 23. Nd5 Nxb2 24. Rd2 Bxd5 25. exd5 Rbc8 26. Nc5 Re4 27.
d6 Rc4 28. Rb1 R8xc5 29. Bxc5 Qe4 30. Rf1 $6 (30. d7 Qxb1+ 31. Kh2 {Seems
simple enough:} Bf6 32. d8=Q+ Bxd8 33. Rxd8+ Kh7 34. Qe5 {and Black simply
gets mated.}) (30. Rbxb2 Rc1+ 31. Kh2 Be5 32. d7 Bxg3+ 33. fxg3 Qe1 34. d8=Q+
Kh7 35. g4 {And Black doesn't have any real threats:} Qh1+ 36. Kg3 Qe1+ 37. Kf3
Rc3+ 38. Rd3 Qf1+ 39. Ke4 Rxc5 40. Qd4 $18) 30... Rxc5 31. d7 Bf6 32. Rxb2 $6 (
32. d8=Q+ Bxd8 33. Rxd8+ Kh7 34. Qd6 {is stronger, as the attack is lethal, at
least once one realizes Black has nothing after:} Rg5 35. g4 h5 36. Qf6 Rxg4+
37. hxg4 Qxg4+ 38. Kh2 $18) (32. Qd6 $18 Qe7 33. Qxe7 Bxe7 34. Re1 $18) 32...
Rg5 33. Qb8+ Kg7 34. g3 $2 (34. Qb7 $1 $18 {But this would be a little unusual
to play with seconds on your clock.}) 34... Qd4 $1 35. Rb4 Qxd7 {With the
passed pawn eliminated, Navara has reasonable chances to hold this game.} 36.
h4 Rf5 37. Rbb1 Qd2 38. Rbd1 Qxa2 {With this pawn gone, White's winning
chanecs basically evaporate.} 39. Qxa7 Qc4 40. Qe3 a5 41. Qd3 Qxd3 42. Rxd3
1/2-1/2

[Event "48th Biel GM 2015"]
[Site "Biel SUI"]
[Date "2015.07.30"]
[Round "10"]
[White "Eljanov, P."]
[Black "Adams, Mi"]
[Result "0-1"]
[WhiteElo "2723"]
[BlackElo "2740"]
[Annotator "Ramirez Alvarez,Alejandro"]
[PlyCount "118"]
[EventDate "2015.07.20"]

1. d4 Nf6 2. c4 e6 3. Nf3 d5 4. g3 Be7 5. Bg2 O-O 6. O-O dxc4 7. Qc2 a6 8. a4
Bd7 9. Qxc4 Bc6 10. Bg5 h6 11. Bxf6 Bxf6 12. Nc3 Bxf3 13. Bxf3 c6 14. e3 a5 15.
h4 Na6 16. Rfd1 Qb6 17. Qe2 Rad8 18. Ne4 Be7 19. Nd2 Nb4 20. Nc4 Qa6 21. b3 Bf6
22. Rac1 Rd7 23. Be4 Rfd8 24. Qh5 Na2 25. Rc2 Nb4 26. Rcd2 Nd5 27. Rc1 Qa7 28.
Bb1 Ne7 29. Rdd1 Rd5 30. Qf3 R5d7 31. Nd2 Kf8 32. Ne4 Ng8 33. Nc5 Rd6 34. Bd3
Be7 35. Bc4 Nf6 36. g4 b6 37. Nd3 Nd7 38. Nf4 Kg8 39. Qg3 Qb8 40. g5 hxg5 41.
hxg5 b5 42. Bd3 e5 43. Ne2 g6 44. Kg2 exd4 45. e4 Kf8 46. Rh1 Ke8 47. Rh8+ Bf8
48. axb5 cxb5 49. e5 Rd5 50. Qf4 $2 (50. Re1 $1 $16 {Black's very weak king
will be difficult to hold. A timely e6 break will cost Black dearly.} Nxe5 51.
Nf4 $5 (51. Nxd4 $1 {is decisive.})) 50... Qxe5 {A free pawn is a free pawn,
after all.} 51. Re1 $4 {Perhaps a big oversight.} Qxh8 {Nicely calculated.
White has no real threats.} 52. Nxd4+ Re5 53. Rh1 Qg7 54. Bxb5 Be7 $19 {
Black's position is uncomfortable, but a rook is a rook after all...} 55. Ba4
Rxg5+ 56. Kf1 Qe5 {The rest is very easy. White cannot even avoid the queen
trade.} 57. Qxe5 Rxe5 58. Rh8+ Bf8 59. Nc6 Rh5 {Black is up way too much
material.} 0-1